[Event "US Open"]
[Site "Vancouver, WA"]
[Date "2012.08.09"]
[Round "6"]
[White "MacFarland, James (CA)"]
[Black "Tobin, Sean (OR)"]
[Result "0-1"]
[WhiteElo "2215"]
[BlackElo "2025"]
[PlyCount "76"]

1.d4 Nf6 2.Nf3 g6 3.c4 Bg7 4.Nc3 O-O 5.e4 d6 6.Be2 e5 7.Be3 Ng4
8.Bg5 f6 9.Bc1 f5 10.Bg5 Bf6 11.Bxf6 Qxf6 12.h3 c6 13.exf5 gxf5
14.hxg4 fxg4 15.dxe5 dxe5 16.Ne4 Qg6 17.Nfd2 Bf5 18.Rh4 h5 19.Qc2
Na6 20.c5 Nb4 21.Qc4+ Nd5 22.O-O-O b5 23.cxb6 axb6 24.f3 Be6
25.Qb3 b5 26.Nc5 Bf7 27.Bd3 Qg5 28.Rdh1 Nf4 29.Qc2 Rxa2 30.Bh7+
Kg7 31.Nce4 Ra1+ 32.Nb1 Nd3+ 33.Kd1 Qe3 34.Ned2 Kxh7 35.fxg4
Bg6 36.Rxh5+ Kg7 37.R5h3 Nf2+ 38.Kc1 Nxh3 0-1

[Event "US Open"]
[Site "Vancouver, WA"]
[Date "2012.08.09"]
[Round "6"]
[White "Merwin, Steve (WA)"]
[Black "Airapetian, Chouchanik (WA)"]
[Result "0-1"]
[WhiteElo "2015"]
[BlackElo "2155"]
[PlyCount "90"]

1.e4 e5 2.d4 exd4 3.Bc4 Nf6 4.Nf3 Nc6 5.e5 d5 6.Bb5 Ne4 7.Nxd4
Bd7 8.Bxc6 bxc6 9.O-O c5 10.Nf3 Be6 11.Qe2 Be7 12.Nbd2 Nxd2 13.Bxd2
O-O 14.b3 Re8 15.Ne1 f6 16.f4 Qd7 17.Nf3 Bf5 18.Bc3 d4 19.Rad1
Qe6 20.Bb2 Rad8 21.Kh1 fxe5 22.fxe5 Qg6 23.Rf2 Kh8 24.Qd2 Be4
25.Rdf1 h6 26.a4 d3 27.c4 Rb8 28.Qc3 Qe6 29.Nd2 Bg6 30.Qa5 Bh4
31.g3 Qc6+ 32.Kg1 Bg5 33.Qc3 Be3 34.e6 Bd4 35.Qc1 Bxf2+ 36.Rxf2
Qxe6 37.Qc3 Qe1+ 38.Kg2 Re7 39.Ba3 Be4+ 40.Nxe4 Qxe4+ 41.Kh3
Re5 42.g4 h5 43.Rg2 Qf3+ 44.Rg3 hxg4+ 45.Kh4 Qf6+ 0-1

[Event "US Open"]
[Site "Vancouver, WA"]
[Date "2012.08.09"]
[Round "6"]
[White "Mulyar, Michael (CO)"]
[Black "Pinto, Mark (CA)"]
[Result "1-0"]
[WhiteElo "2456"]
[BlackElo "2200"]
[PlyCount "77"]

1.c4 b6 2.Nf3 Bb7 3.g3 Nf6 4.Bg2 g6 5.d4 Bg7 6.O-O O-O 7.d5 Na6
8.Nc3 Nc5 9.Be3 a5 10.Qc2 Ng4 11.Bd2 d6 12.h3 Ne5 13.Nxe5 Bxe5
14.e4 Ba6 15.b3 Bg7 16.Rad1 e5 17.dxe6 fxe6 18.Be3 Bb7 19.Nb5
Qe7 20.a3 e5 21.b4 Ne6 22.Rd2 axb4 23.axb4 Ba6 24.h4 Bxb5 25.cxb5
Nd4 26.Qc4+ Qf7 27.Qxf7+ Rxf7 28.Bxd4 exd4 29.e5 Re8 30.exd6
Rd8 31.Bd5 Rxd6 32.Bxf7+ Kxf7 33.Rc1 Rd7 34.Rdc2 Be5 35.f4 Bd6
36.Rc4 Ke6 37.Rd1 d3 38.Kf2 d2 39.Rxd2 1-0

[Event "US Open"]
[Site "Vancouver, WA"]
[Date "2012.08.09"]
[Round "6"]
[White "Niro, Frank (ID)"]
[Black "Baer, Steve (NY)"]
[Result "1/2-1/2"]
[WhiteElo "1734"]
[BlackElo "1374"]
[PlyCount "81"]

1.e4 e5 2.Nf3 Nc6 3.Bb5 a6 4.Bxc6 dxc6 5.Nc3 f6 6.d4 exd4 7.Qxd4
Qxd4 8.Nxd4 Bc5 9.Be3 Bd7 10.O-O-O O-O-O 11.Rhe1 Ne7 12.Nb3 Bb4
13.Rd3 Rhe8 14.f3 Ng6 15.a3 Bxc3 16.Rxc3 f5 17.Bd4 fxe4 18.Bxg7
exf3 19.Rxe8 Rxe8 20.Rxf3 Bg4 21.Rf2 Rd8 22.Rd2 Re8 23.Kb1 Kb8
24.Nc5 Ka7 25.Bh6 Re5 26.Nd7 Rh5 27.Nf6 {?} ( 27.Be3+ {!} Ka8
( 27...b6 28.Nf6 Rxh2 29.Nxg4 $18 ) ( 27...c5 28.Nf6 $18 ) 28.Nf6
$18 ) Rxh6 28.Nxg4 Rh4 29.h3 Rh5 30.Rd7 Kb6 31.Nf6 Rg5 32.Rxh7
( 32.g4 {!} ) Rxg2 33.Ne8 Nf4 34.h4 Rh2 35.Nxc7 Rh1+ 36.Ka2 Rh2
37.Kb3 Rh3+ 38.Kc4 Rh2 39.Kb3 Rh3+ 40.Kc4 Rh2 41.Kb3 1/2-1/2

[Event "US Open"]
[Site "Vancouver, WA"]
[Date "2012.08.09"]
[Round "6"]
[White "Pechisker, Alfred (CAN)"]
[Black "Gutman, Richard (OR)"]
[Result "1-0"]
[WhiteElo "2223"]
[BlackElo "2052"]
[PlyCount "39"]

1.d4 Nf6 2.c4 e6 3.Nf3 d5 4.Nc3 Bb4 5.a3 Bxc3+ 6.bxc3 Nc6 7.e3
O-O 8.Be2 Na5 9.cxd5 exd5 10.Nd2 Be6 11.O-O Re8 12.a4 Ne4 13.Nxe4
dxe4 14.Rb1 c5 15.Bb5 c4 16.Bxe8 Qxe8 17.Rb5 Qd8 18.Qh5 b6 19.f3
Bd7 20.Rd5 1-0

[Event "US Open"]
[Site "Vancouver, WA"]
[Date "2012.08.09"]
[Round "6"]
[White "Ramirez, Alejandro (TEX)"]
[Black "Shabalov, Alexander (PA)"]
[Result "1/2-1/2"]
[WhiteElo "2643"]
[BlackElo "2619"]
[PlyCount "21"]

1.d4 d5 2.c4 c6 3.Nf3 Nf6 4.Nc3 e6 5.g3 dxc4 6.Bg2 b5 7.O-O Bb7
8.e4 Be7 9.e5 Nd5 10.Ne4 h6 11.Bd2 Z0 ( 11...Nd7 12.b3 cxb3 13.axb3
b4 14.Qc2 O-O 15.Ra2 a5 16.Rfa1 Qb6 17.Nd6 Bxd6 18.exd6 Rfd8
19.Ne5 Qxd4 20.Nc4 a4 21.bxa4 Nc5 22.Rb1 b3 23.Rxb3 Nxb3 24.Qxb3
Ba6 25.Rc2 Rab8 26.Qb2 Nb4 {0-1, Estremera Panos Sergio (ESP) 2345 - San Segundo Carrillo Pablo (ESP) 2485, Mondariz (Spain) 1994}
) 1/2-1/2

[Event "US Open"]
[Site "Vancouver, WA"]
[Date "2012.08.09"]
[Round "4"]
[White "Rehmeier, Thomas R  (MO)"]
[Black "Korba, Nicky  (CA)"]
[Result "0-1"]
[WhiteElo "1829"]
[BlackElo "2007"]
[PlyCount "76"]

1.d4 Nf6 2.Nf3 c5 3.e3 g6 4.Bd3 Bg7 5.O-O O-O 6.c4 cxd4 7.Nxd4
Nc6 8.Nxc6 bxc6 9.Bd2 d5 10.Bc3 Qc7 11.Nd2 e5 12.Rc1 Qb8 13.Qb3
Qxb3 14.Nxb3 Re8 15.Rfd1 Bg4 16.Re1 Bh6 17.h3 Bc8 18.f4 Nd7 19.cxd5
cxd5 20.fxe5 Nxe5 21.Bb5 Bd7 22.Bxd7 Nxd7 23.Bd4 Ne5 24.Rc7 Nd3
25.Re2 Nf4 26.Rec2 Ne6 27.Rd7 Nxd4 28.exd4 Red8 29.Rcc7 Bf4 30.Rb7
Rxd7 31.Rxd7 Bg3 32.Rxd5 Re8 33.Nd2 Re2 34.Nf1 Bf2+ 35.Kh2 h5
36.Rd7 Re1 37.Nd2 h4 38.g3 Bxg3+ 0-1

[Event "US Open"]
[Site "Vancouver, WA"]
[Date "2012.08.09"]
[Round "6"]
[White "Rubsamen, Cornelius (HI)"]
[Black "Ellenbogen, Michael  (NY)"]
[Result "0-1"]
[WhiteElo "2277"]
[BlackElo "2098"]
[PlyCount "118"]

1.e4 e6 2.Nf3 d5 3.Nc3 Nf6 4.e5 Nfd7 5.d4 c5 6.dxc5 Nc6 7.Bf4
Bxc5 8.Bd3 f6 9.exf6 Nxf6 10.Qe2 O-O 11.O-O-O Bd7 12.Kb1 Rc8
13.Ne5 Bb4 14.Nxc6 bxc6 15.Be5 c5 16.Ba6 Rb8 17.Bxb8 Qxb8 18.Rd3
Qb6 19.Rf3 c4 20.Bxc4 dxc4 21.Qxc4 Rb8 22.Rd1 Ba5 23.b3 Rc8 24.Na4
Qb5 25.Qd3 Qxd3 26.cxd3 Bxa4 27.bxa4 Nd5 28.Rc1 Nc3+ 29.Ka1 e5
30.Re3 Rb8 31.Rxe5 Bb4 32.Re6 Ba3 33.Rxc3 Bb2+ 34.Kb1 Bxc3+ 35.Kc2
Bd4 36.Rd6 Bxf2 37.d4 Rb7 38.Kd3 Bh4 39.d5 Kf7 40.Rc6 Bf6 41.Kc4
a5 42.Kc5 Rb4 43.Rc7+ Kg6 44.Kd6 Rb2 45.Rc5 Rxg2 46.Rxa5 Rxh2
47.Ra8 Rxa2 48.a5 Kg5 49.a6 Kg4 50.Kc7 h5 51.a7 Bd4 52.Kb7 Rb2+
53.Kc6 Rb6+ 54.Kc7 Ra6 55.d6 Bxa7 56.Rg8 g5 57.Rg6 Bc5 58.d7
Rxg6 59.d8Q Bb6+ 0-1

[Event "US Open"]
[Site "Vancouver, WA"]
[Date "2012.08.09"]
[Round "6"]
[White "Rupel, David (WA)"]
[Black "Langer, Michael (TX)"]
[Result "0-1"]
[WhiteElo "2109"]
[BlackElo "2264"]
[PlyCount "122"]

1.d4 Nf6 2.c4 c5 3.Nf3 cxd4 4.Nxd4 e5 5.Nc2 Nc6 6.Nc3 Bc5 7.Be3
Qb6 8.Bxc5 Qxc5 9.Nd5 Nxd5 10.Qxd5 d6 11.e3 Bf5 12.Qxc5 dxc5
13.O-O-O Ke7 14.Be2 Rhd8 15.f3 Nb4 16.Nxb4 cxb4 17.Rxd8 Rxd8
18.Rd1 Rxd1+ 19.Bxd1 Kd6 20.Bc2 g6 21.g4 Be6 22.b3 h6 23.Be4
b6 24.Kd2 f5 25.gxf5 gxf5 26.Bc2 f4 27.Bd3 Bh3 28.Bg6 Ke6 29.Ke2
Bf5 30.Bxf5+ Kxf5 31.Kd3 fxe3 32.Kxe3 h5 33.Kf2 Kf4 34.Kg2 h4
35.Kf2 a6 36.Ke2 e4 37.fxe4 Kxe4 38.Kf2 Kd3 39.Kg2 Kc3 40.Kh3
Kb2 41.Kxh4 Kxa2 42.Kg4 Kxb3 43.h4 Kxc4 44.h5 b3 45.h6 b2 46.h7
b1Q 47.h8Q Qg6+ 48.Kh3 Qf5+ 49.Kg2 Qe4+ 50.Kh2 a5 51.Qg8+ Kb4
52.Qf8+ Kb3 53.Qf7+ Qc4 54.Qf3+ Ka4 55.Qd1+ Qb3 56.Qa1+ Kb4 57.Qd4+
Ka3 58.Qd6+ Ka2 59.Kh1 a4 60.Qd2+ Qb2 61.Qf2 b5 0-1

[Event "US Open"]
[Site "Vancouver, WA"]
[Date "2012.08.09"]
[Round "6"]
[White "Seirawan, Yasser (WA)"]
[Black "Norowitz, Yaacov (NJ)"]
[Result "1/2-1/2"]
[WhiteElo "2674"]
[BlackElo "2569"]
[PlyCount "29"]

1.d4 d5 2.c4 e6 3.Nc3 Be7 4.cxd5 exd5 5.Bf4 c6 6.Qc2 g6 7.e3
Bf5 8.Bd3 Bxd3 9.Qxd3 Nf6 10.Nf3 Nbd7 11.h3 O-O 12.O-O Re8 13.Qc2
a5 {%08DA} 14.a3 Qb6 15.Ne5 1/2-1/2

[Event "US Open"]
[Site "Vancouver, WA"]
[Date "2012.08.09"]
[Round "6"]
[White "Smith, Michael (OR)"]
[Black "Smith, Michael (MI)"]
[Result "0-1"]
[WhiteElo "1668"]
[BlackElo "1881"]
[PlyCount "52"]

1.e4 c5 2.Nf3 Nc6 3.d4 cxd4 4.Nxd4 Nf6 5.Nc3 e5 6.Ndb5 d6 7.Be2
a6 8.Na3 b5 9.Naxb5 axb5 10.Bxb5 Bb7 11.Bg5 Be7 12.Nd5 {%08DA}
Nxd5 13.exd5 Qa5+ 14.Qd2 Bxg5 15.Qxa5 Rxa5 16.c4 Rxb5 17.dxc6
Rxb2 18.cxb7 Rxb7 19.Ke2 Rb2+ 20.Kf3 O-O 21.Rhd1 Rd2 22.Rdb1
Bf6 23.Ke3 Rc2 24.a4 Rxc4 25.a5 e4 26.a6 Bxa1 0-1

[Event "US Open"]
[Site "Vancouver, WA"]
[Date "2012.08.09"]
[Round "6"]
[White "Strenzwilk, Denis (MD)"]
[Black "Bercys, Salvijus (NY)"]
[Result "0-1"]
[WhiteElo "2200"]
[BlackElo "2479"]
[PlyCount "88"]

1.b3 d5 2.Bb2 Bf5 3.e3 Nd7 4.Nf3 e6 5.Be2 h6 6.O-O Ngf6 7.c4
c6 8.d3 Be7 9.Nbd2 O-O 10.a3 a5 11.cxd5 exd5 12.Ne5 Nc5 13.b4
Na6 14.bxa5 Qxa5 15.Nb3 Qc7 16.f4 Nc5 17.Nd4 Bh7 18.Qc2 Na4 19.Bc1
Bd6 20.Rb1 Ra7 21.Bd2 Bxe5 22.fxe5 Qxe5 23.Rb4 Rfa8 24.Nf3 Qe7
25.Bc1 c5 26.Rf4 c4 27.Nd4 Nc5 28.Nf5 Bxf5 29.Rxf5 Nb3 30.dxc4
Nxc1 31.Qxc1 Rc8 32.Qd2 dxc4 33.Qd4 Ra6 34.Bxc4 Rd8 35.Qf4 Rxa3
36.e4 Ra4 37.e5 Nd5 38.Qd4 Qc7 39.Rxf7 Qxc4 40.Qxc4 Rxc4 41.Rxb7
Ne3 42.Re1 Rc2 43.h3 Nxg2 44.Ra1 Nf4 0-1

[Event "US Open"]
[Site "Vancouver, WA"]
[Date "2012.08.09"]
[Round "6"]
[White "Sullivan, Brian  (CAN)"]
[Black "Wiener, Alexandra  (CT)"]
[Result "0-1"]
[WhiteElo "1618"]
[BlackElo "1899"]
[PlyCount "58"]

1.d4 Nf6 2.c4 e5 3.dxe5 Ng4 4.Nf3 Bc5 5.e3 Nc6 6.Nc3 Ngxe5 7.Be2
O-O 8.O-O d6 9.Ne4 Bb6 10.Bd2 Re8 11.Ng3 Nxf3+ 12.Bxf3 Ne5 13.Be2
Be6 14.b3 a5 15.Qc2 Qh4 16.Bc3 Bg4 17.Rad1 Bxe2 18.Qxe2 Ng4 19.h3
Nxe3 20.Qf3 Nxf1 21.Kxf1 Re6 22.Nf5 Qe4 23.Qxe4 Rxe4 24.Nxg7
a4 25.Nh5 Re6 26.Nf6+ Kg7 27.Rd3 Ba5 28.Rg3+ Kh6 29.Bb2 Re1# 0-1

[Event "US Open"]
[Site "Vancouver, WA"]
[Date "2012.08.10"]
[Round "6"]
[White "Sun, Maxwell (OR)"]
[Black "Zurybida, Paul (WA)"]
[Result "1-0"]
[WhiteElo "1832"]
[BlackElo "2001"]
[PlyCount "73"]

1.e4 e5 2.Nf3 Nc6 3.Bc4 Nf6 4.d3 Bc5 5.c3 d6 6.Bb3 O-O 7.Nbd2
Be6 8.Qe2 Bxb3 9.axb3 Ng4 10.O-O f5 11.h3 Nh6 12.b4 Bb6 13.b5
Ne7 14.Nc4 fxe4 15.dxe4 Nf7 16.Be3 Ng6 17.Nxb6 axb6 18.c4 Qf6
19.Qd3 Ne7 20.b4 h6 21.c5 bxc5 22.bxc5 Rfd8 23.Qb3 Kh8 24.Rfd1
Rxa1 25.Rxa1 d5 26.exd5 Nxd5 27.Ra7 b6 28.cxb6 cxb6 29.Bxb6 Qxb6
30.Rxf7 e4 31.Ne5 Qe6 32.Qg3 g5 33.Rb7 Ra8 34.Nf7+ Kg8 35.Nxg5
hxg5 36.Qxg5+ Kf8 37.Qg7+ 1-0

[Event "US Open"]
[Site "Vancouver, WA"]
[Date "2012.08.10"]
[Round "6"]
[White "Tiglon, Bryce (WA)"]
[Black "Erichsen, Dan (CAN)"]
[Result "1/2-1/2"]
[WhiteElo "1839"]
[BlackElo "2103"]
[PlyCount "91"]

1.e4 e5 2.Nf3 Nc6 3.Bb5 a6 4.Ba4 Nf6 5.O-O b5 6.Bb3 Be7 7.Re1
d6 8.c3 O-O 9.h3 Na5 10.Bc2 c5 11.d4 Nd7 12.Nbd2 Qc7 13.d5 Nb6
14.Nf1 Nb7 15.Ng3 a5 16.Qe2 Bd7 17.Bg5 Bxg5 18.Nxg5 h6 19.Nf3
a4 20.Bd3 c4 21.Bb1 Nc5 22.a3 Nb3 23.Ra2 Kh7 24.Bc2 g6 25.Nh2
Rae8 26.Qf3 Qd8 27.Ng4 Bxg4 28.Qxg4 Qg5 29.Qxg5 hxg5 30.f3 Nd7
31.Bxb3 axb3 32.Raa1 Nc5 33.Re2 Re7 34.Kh1 Kg7 35.Kg1 Ra8 36.Rb1
Nd3 37.Rd2 Rc7 38.Kf1 Kf8 39.Ke2 Ke7 40.Kf1 b4 41.cxb4 Nxb2 42.Rdxb2
Rxa3 43.Ne2 c3 44.Nxc3 Rxc3 45.Ke2 Ra2 46.Kf1 1/2-1/2

[Event "US Open"]
[Site "Vancouver, WA"]
[Date "2012.08.09"]
[Round "6"]
[White "Tucker, Jimmy (WA)"]
[Black "Baker, Ted (WA)"]
[Result "0-1"]
[WhiteElo "1105"]
[BlackElo "1564"]
[PlyCount "60"]

1.e4 c5 2.Nc3 Nc6 3.Nf3 d6 4.Bc4 e6 5.O-O Nf6 6.Bb5 Qc7 {%08DA}
7.d4 cxd4 8.Nxd4 Bd7 9.Nxc6 Bxc6 10.Bxc6+ Qxc6 11.Re1 Be7 12.e5
dxe5 13.Rxe5 Bd6 14.Re3 O-O 15.Rd3 Be7 16.Bg5 Rad8 17.Bxf6 Bxf6
18.Qf3 Qb6 19.Na4 Qb5 20.Nc3 Qxb2 21.Rb1 Qxc2 22.Qd1 Qxd3 23.Qxd3
Rxd3 24.Ne4 Rfd8 25.Nxf6+ gxf6 26.f3 Rd1+ 27.Rxd1 Rxd1+ 28.Kf2
Rd2+ 29.Ke3 Rxa2 30.g4 Rc2 0-1

[Event "US Open"]
[Site "Vancouver, WA"]
[Date "2012.08.09"]
[Round "6"]
[White "Van Dyke, Patrick (WA)"]
[Black "Jayne, Ryan (WI)"]
[Result "1/2-1/2"]
[WhiteElo "2083"]
[BlackElo "1902"]
[PlyCount "77"]

1.e4 e6 2.f4 d5 3.e5 c5 4.Nf3 Nc6 5.g3 Be7 6.d3 Qc7 7.Bg2 f6
8.exf6 Bxf6 9.O-O Nge7 10.c3 O-O 11.Qe2 Ng6 12.Na3 Bd7 13.Be3
b6 14.d4 Nce7 15.h4 Nf5 16.Bf2 Rae8 17.h5 Nh8 18.g4 Nd6 19.g5
Bd8 20.Bg3 Nf5 21.Bh2 Nf7 22.g6 hxg6 23.hxg6 N7d6 24.Ne5 Be7
25.Qh5 Nh6 26.f5 Rxf5 27.Rxf5 Ndxf5 28.Rf1 Bf8 29.Nf7 Qc8 30.Bf4
cxd4 31.Bxh6 Nxh6 32.Nxh6+ gxh6 33.Rxf8+ Kxf8 34.Qxh6+ Ke7 35.cxd4
Rg8 36.Qh7+ Kd6 37.Qh2+ Ke7 38.Qh4+ Kd6 39.Qf4+ 1/2-1/2

[Event "US Open"]
[Site "Vancouver, WA"]
[Date "2012.08.09"]
[Round "6"]
[White "Vibbert, Sean (IN)"]
[Black "Ummel, Igor (WA)"]
[Result "0-1"]
[WhiteElo "2315"]
[BlackElo "2175"]
[PlyCount "118"]

1.e4 c6 2.d4 d5 3.Nc3 dxe4 4.Nxe4 Bf5 5.Ng3 Bg6 6.h4 h6 7.Nf3
Nd7 8.h5 Bh7 9.Bd3 Bxd3 10.Qxd3 e6 11.Bd2 Ngf6 12.O-O-O Be7 13.Kb1
O-O 14.Ne4 Nxe4 15.Qxe4 Nf6 16.Qe2 Qd5 17.c4 Qe4+ 18.Qxe4 Nxe4
19.Be3 f5 20.d5 f4 21.Bd4 exd5 22.cxd5 cxd5 23.Rhe1 Rfe8 24.Be5
Bb4 25.Rf1 Nd2+ 26.Nxd2 Rxe5 27.Nf3 Rxh5 28.Rd4 Bd6 29.Rfd1 Bc5
30.Rxf4 Bxf2 31.g4 Rh3 32.Rxd5 Rc8 33.a3 Rf8 34.Rxf8+ Kxf8 35.Rf5+
Ke7 36.g5 Ke6 37.Rf4 h5 38.Ka2 Rg3 39.b4 Bb6 40.Rf8 Ke7 41.Rf5
g6 42.Rf4 Rg4 43.Rxg4 hxg4 44.Ne5 Ke6 45.Nxg4 Kf5 46.Nh2 Kxg5
47.Kb3 Kf4 48.Kc4 g5 49.a4 g4 50.Nf1 g3 51.Nxg3 Kxg3 52.a5 Bd8
53.Kd5 Be7 54.b5 Bd8 55.a6 bxa6 56.bxa6 Kf4 57.Kc6 Ke5 58.Kb7
Bb6 59.Kc6 Kd4 0-1

[Event "US Open"]
[Site "Vancouver, WA"]
[Date "2012.08.10"]
[Round "6"]
[White "Zhang, Zachary  (WA)"]
[Black "Sullivan, Brian  (CAN)"]
[Result "0-1"]
[WhiteElo "1273"]
[BlackElo "1618"]
[PlyCount "82"]

1.d4 d5 2.Nf3 Nf6 3.Bf4 e6 4.e3 Be7 5.h3 Nbd7 6.Nbd2 O-O 7.Bd3
c5 8.c3 a6 9.O-O b5 10.a4 c4 11.Be2 b4 12.cxb4 Bxb4 13.b3 c3
14.Nb1 Bb7 15.Qc2 Re8 16.Ne1 Rc8 17.Nd3 a5 18.Nxb4 axb4 19.Bd6
Qb6 20.Bh2 Ba6 21.Rc1 Qa5 22.Bd6 Rc6 23.Bxa6 Rxa6 24.Bh2 Rc6
25.Qd3 e5 26.Ra2 exd4 27.exd4 Rce6 28.Rac2 Re1+ 29.Qf1 Rxf1+
30.Kxf1 Qa6+ 31.Kg1 Qd3 32.Bf4 Re2 33.Rxe2 Qxe2 34.Be3 h6 35.Kh2
Ne4 36.Kg1 c2 37.Nc3 Nxc3 38.Kh2 Nd1 39.Bf4 Nxf2 40.Bg3 Nd3 41.Rxc2
Qxc2 0-1

[Event "US Open"]
[Site "Vancouver, WA"]
[Date "2012.08.10"]
[Round "7"]
[White "Airapetian, Chouchanik (WA)"]
[Black "Aaron, Deepak (NY)"]
[Result "0-1"]
[WhiteElo "2155"]
[BlackElo "2353"]
[PlyCount "62"]

1.e4 e5 2.Nf3 Nc6 3.Bb5 a6 4.Ba4 Nf6 5.O-O b5 6.Bb3 Bc5 7.c3
d6 8.d4 Bb6 9.dxe5 Nxe5 10.Nxe5 dxe5 11.Qxd8+ Kxd8 12.Nd2 Bb7
13.Bxf7 Rf8 14.Bb3 Bxe4 15.Nxe4 Nxe4 16.Bd5 Nxf2 17.Bg5+ Kd7
18.Bxa8 Nd1+ 19.Rf2 Nxf2 20.Bf3 Nh3+ 21.Kh1 Nxg5 22.Bb7 c6 23.a4
Ne4 24.g3 Nc5 25.Bxa6 Nxa6 26.axb5 Nc5 27.b4 cxb5 28.bxc5 Bxc5
29.Rd1+ Kc6 30.Kg2 Rf2+ 31.Kh3 e4 0-1

[Event "US Open"]
[Site "Vancouver, WA"]
[Date "2012.08.10"]
[Round "7"]
[White "Allyn, Bob (OR)"]
[Black "Sloan, Sam (NY)"]
[Result "1-0"]
[WhiteElo "1731"]
[BlackElo "1916"]
[PlyCount "47"]

1.e4 e5 2.Nf3 f6 3.Nxe5 fxe5 4.Qh5+ Ke7 5.Qxe5+ Kf7 6.Bc4+ d5
7.Bxd5+ Kg6 8.f4 h5 9.f5+ Kh7 10.Bf7 Ne7 11.d4 Qd6 12.Qxd6 cxd6
13.Bxh5 Kg8 14.Be2 d5 15.g4 dxe4 16.Bc4+ Kh7 17.Nd2 Nec6 18.Nxe4
Bb4+ 19.c3 Re8 20.Bd3 Be7 21.O-O Kg8 22.Bc4+ Kf8 23.f6 gxf6 24.Bh6# 1-0

[Event "US Open"]
[Site "Vancouver, WA"]
[Date "2012.08.10"]
[Round "7"]
[White "Bercys, Salvijus (NY)"]
[Black "Pamatmat, Jarod (TX)"]
[Result "1-0"]
[WhiteElo "2479"]
[BlackElo "2233"]
[PlyCount "79"]

1.d4 d5 2.c4 c6 3.Nf3 Nf6 4.e3 e6 5.b3 Nbd7 6.Bd3 Bd6 7.Bb2 b6
8.O-O O-O 9.Nbd2 Bb7 10.Ne5 c5 11.Nxd7 Nxd7 12.cxd5 exd5 13.dxc5
bxc5 14.Qg4 g6 15.Nf3 Qe7 16.Rfd1 f5 17.Qg5 Qxg5 18.Nxg5 Rfe8
19.Bb5 Re7 20.Rac1 Nb6 21.Bf6 Rc7 22.Ne6 Rcc8 23.Bh4 h6 24.Bg3
Bxg3 25.hxg3 c4 26.bxc4 dxc4 27.Bd7 Nxd7 28.Rxd7 Rab8 29.Rc3
g5 30.f3 a5 31.Nd4 Rc5 32.Rd6 Kh7 33.Rb6 Rc7 34.Nxf5 Rc6 35.Rb5
Kh8 36.g4 Kh7 37.Kh2 Rc7 38.Nd6 Rd7 39.Nxb7 Rdxb7 40.Rxb7+ 1-0

[Event "US Open"]
[Site "Vancouver, WA"]
[Date "2012.08.10"]
[Round "7"]
[White "Cheng, Kun  (CAN)"]
[Black "Sarkar, Justin (NY)"]
[Result "0-1"]
[WhiteElo "1883"]
[BlackElo "2483"]
[PlyCount "82"]

1.e4 c5 2.Nf3 d6 3.d4 cxd4 4.Nxd4 Nf6 5.Nc3 a6 6.Be2 e5 7.Nb3
Be7 8.O-O O-O 9.Kh1 Nc6 10.f4 b5 11.a4 b4 12.Nd5 Nxd5 13.exd5
Na5 14.Nxa5 Qxa5 15.fxe5 dxe5 16.d6 Bd8 17.Bc4 Ra7 18.Qf3 Bb6
19.Bg5 Qc5 20.a5 Qxc4 21.axb6 Rd7 22.Be7 Re8 23.b3 Qe6 24.Qa8
f6 25.Qe4 Bb7 26.Qxb4 Rc8 27.c4 h5 28.Qc3 h4 29.h3 Rc6 30.Qe3
Rxb6 31.Rf2 Rc6 32.Raf1 Rcxd6 33.Bxd6 Rxd6 34.c5 Rd4 35.Qc3 Qd5
36.Rc1 Bc6 37.b4 e4 38.Rcc2 Rd1+ 39.Kh2 Qg5 40.Qc4+ Bd5 41.Qc3
e3 0-1

[Event "US Open"]
[Site "Vancouver, WA"]
[Date "2012.08.10"]
[Round "7"]
[White "Chowdhury, Neil (WA)"]
[Black "Niro, Frank (ID)"]
[Result "1/2-1/2"]
[WhiteElo "1207"]
[BlackElo "1734"]
[PlyCount "55"]

1.e4 c5 2.Nf3 d6 3.d4 cxd4 4.Nxd4 Nf6 5.Nc3 a6 6.Be3 e5 7.Nf3
Be6 8.Be2 Be7 9.Qd2 Nbd7 10.h3 b5 11.a3 Rc8 12.Ng5 O-O 13.Nxe6
fxe6 14.O-O Nc5 15.Bxc5 Rxc5 16.Bf3 Qc7 17.Rab1 Nd7 18.Bg4 Rf6
19.Rfd1 Nb6 20.Be2 Nc4 21.Bxc4 Rxc4 22.Re1 Bd8 23.Re3 Qf7 24.Rf1
Bb6 25.Re2 Rd4 26.Qc1 b4 27.axb4 Rxb4 28.Na2 1/2-1/2

[Event "US Open"]
[Site "Vancouver, WA"]
[Date "2012.08.10"]
[Round "7"]
[White "Davis, Joe (WA)"]
[Black "Kuzma, Steve (TX)"]
[Result "1-0"]
[WhiteElo "1648"]
[BlackElo "1298"]
[PlyCount "125"]

{7th round of the US Open. I'm finally getting paired down.} 1.e4
e5 2.Nf3 Nc6 3.Bc4 h6 {?} 4.d4 exd4 5.Nxd4 Nxd4 {?} 6.Qxd4 d6
7.Nc3 ( 7.O-O Ne7 ( 7...Nf6 8.e5 c5 ) 8.Qc3 Be6 9.Bxe6 fxe6 10.Qb3
Qc8 11.Nc3 g5 12.Ne2 Bg7 13.Be3 Nc6 14.f4 a5 15.fxg5 hxg5 16.Bxg5
Nd4 17.Nxd4 Bxd4+ 18.Be3 a4 19.Qd3 Be5 20.Qb5+ c6 {[%eval 59,21]} )
Nf6 8.O-O Be7 9.Bf4 O-O 10.Rfe1 ( 10.Rad1 Nd7 11.Nd5 Re8 12.b3
Bf6 13.Nxf6+ Qxf6 14.Qxf6 Nxf6 15.f3 a6 16.Bd2 Be6 17.Be2 Nd7
18.Be1 b5 19.Ba5 Ra7 20.Bc3 Raa8 21.f4 {[%eval 40,18]} ) a6 11.Rad1
Re8 {I felt like I was dominating the position, but it's hard to find the moves to play.}
12.e5 {?} ( 12.Qd3 b5 13.Bb3 c5 14.Bd5 Ra7 15.a3 Nh5 16.Be3 Nf6
17.h3 Nxd5 18.Nxd5 Rd7 19.b4 Bb7 20.c4 Bc6 21.Qc2 Qb8 22.Bf4
Qa7 23.Bh2 Bxd5 24.Rxd5 {[%eval 42,20]} ) dxe5 13.Bxe5 Qxd4 14.Bxd4
Bf5 15.Re2 {?  This was just bad} ( 15.Rxe7 Rxe7 16.Bxf6 gxf6
17.Nd5 {Houdini 1.5a w32:} Kf8 18.Nxe7 Kxe7 19.Bd3 Be6 20.Re1
Rd8 21.f4 Kd6 22.Kf2 b5 23.a3 c6 24.h3 a5 25.g4 Kc5 26.Kg3 a4
27.Kf2 Bd5 28.Re7 Kd6 29.Ra7 {[%eval 27,22]} ) Rad8 16.Red2 Ne4
17.Nxe4 Bxe4 18.c3 c5 19.Be3 Rxd2 20.Rxd2 b5 21.Bd5 Bxd5 22.Rxd5
c4 23.Kf1 Rd8 24.Rxd8+ Bxd8 25.Ke2 g5 26.Kf3 f5 27.h3 Kf7 28.g4
Ke6 29.Bd4 Bf6 30.Ke3 Bxd4+ {?} 31.Kxd4 fxg4 32.hxg4 Kd6 33.a4
{!} ( 33.Ke4 {!} Ke6 34.a4 bxa4 ( 34...Kf6 35.Kd5 ) 35.Kd4 Kd7
36.Kxc4 a3 37.bxa3 Kd6 38.a4 Kc6 39.Kd4 Kd6 40.c4 Kc6 41.c5 Kc7
42.Kd5 Kd7 43.c6+ Kc7 44.Kc5 a5 45.Kb5 Kc8 46.Kxa5 Kc7 47.Kb5
Kb8 48.f3 Kc7 {[%eval 323,26]} ) Ke6 34.axb5 {??  argh I miscounted}
( 34.Kc5 {!} bxa4 ( 34...Ke5 ) 35.Kxc4 Ke5 ) ( 34.a5 Kd6 35.f3
Kc6 36.Ke5 b4 37.cxb4 Kb5 38.Kd5 Kxb4 39.Kd4 ) axb5 35.Kc5 Ke5
36.Kxb5 Kf4 37.Kxc4 Kxg4 38.b4 h5 39.b5 h4 40.b6 h3 41.b7 h2
42.b8Q h1Q 43.Qg3+ Kf5 44.Qd3+ Kf4 {??  ahh thank goodness}
( 44...Qe4+ 45.Qd4 g4 46.Kb5 Qxd4 47.cxd4 Ke4 48.Kc4 Kf3 ) 45.Qd4+
Qe4 46.Kb5 g4 47.Qf6+ Qf5+ 48.Qxf5+ Kxf5 49.c4 Kf4 50.c5 Kf3
51.c6 Kxf2 52.c7 g3 53.c8Q g2 54.Qf5+ Kg1 55.Kc4 Kh1 56.Qh3+
Kg1 57.Kd3 Kf2 58.Qe3+ Kf1 59.Qf3+ Kg1 60.Ke2 Kh2 61.Qh5+ Kg1
62.Kf3 Kf1 63.Qh3 1-0

[Event "US Open"]
[Site "Vancouver, WA"]
[Date "2012.08.10"]
[Round "7"]
[White "Ellenbogen, Michael  (NY)"]
[Black "Gallegos, Paul  (CA)"]
[Result "1-0"]
[WhiteElo "2098"]
[BlackElo "2213"]
[PlyCount "65"]

1.c4 e5 2.g3 d6 3.Bg2 f5 4.d4 exd4 5.Nf3 c5 6.e3 dxe3 7.Bxe3
Nf6 8.Nc3 Be7 9.O-O O-O 10.Nd5 Nc6 11.Ng5 Ng4 12.Nxe7+ Qxe7 13.Bd5+
Kh8 14.Bf4 Nce5 15.Re1 Qf6 16.Qe2 h6 17.Nh3 Ng6 18.Bd2 Qxb2 19.f3
Qd4+ 20.Kg2 N4e5 21.Rec1 f4 22.Nf2 Nc6 23.Bc3 Qe3 24.Qb2 Qe7
25.Re1 Nce5 26.Nd3 Bh3+ 27.Kg1 Rae8 28.Nxe5 dxe5 29.g4 b6 30.Re2
Qg5 31.Rae1 h5 32.Bxe5 Nxe5 33.Rxe5 1-0

[Event "US Open"]
[Site "Vancouver, WA"]
[Date "2012.08.10"]
[Round "7"]
[White "Guadalupe, Francisco (TX)"]
[Black "Herrera, Robert (OR)"]
[Result "1-0"]
[WhiteElo "2305"]
[BlackElo "2044"]
[PlyCount "63"]

1.e4 c5 2.Nf3 e6 3.d4 cxd4 4.Nxd4 Nc6 5.Nc3 a6 6.Be2 d6 7.O-O
Be7 8.Be3 Nf6 9.f4 O-O 10.Qd2 Re8 11.Bf3 Na5 12.b3 Qc7 13.Rac1
Bd7 14.Nb1 e5 15.Ne2 Bc6 16.Ng3 exf4 17.Bxf4 Bf8 18.Qd4 b5 19.Rfd1
Re6 20.c4 bxc4 21.b4 Ba4 22.bxa5 Bxd1 23.Rxd1 Rc8 24.Qc3 Qb8
25.Na3 Qa7+ 26.Be3 Qe7 27.Nf5 Qe8 28.Bd4 Qa4 29.Rf1 Ne8 30.Bg4
Rc7 31.Bb6 Rc6 32.Bd1 1-0

[Event "US Open"]
[Site "Vancouver, WA"]
[Date "2012.08.10"]
[Round "7"]
[White "Gurevich, Dmitry  (IL)"]
[Black "Ummel, Igor (WA)"]
[Result "1-0"]
[WhiteElo "2539"]
[BlackElo "2175"]
[PlyCount "127"]

1.d4 c5 2.d5 Nf6 3.c4 e6 4.Nc3 exd5 5.cxd5 d6 6.e4 g6 7.f4 Bg7
8.Bb5+ Nfd7 9.a4 Na6 10.Nf3 O-O 11.O-O Nb4 12.Bd2 a6 13.Bc4 Re8
14.Be1 Nb6 15.Be2 f5 16.a5 fxe4 17.Ng5 Nd7 18.Ne6 Rxe6 19.dxe6
Nf6 20.Bh4 Bxe6 21.Nxe4 Bd5 22.Bxf6 Bxf6 23.Nxf6+ Qxf6 24.Bf3
Bxf3 25.Qxf3 Qxb2 26.f5 Rf8 27.f6 Qd4+ 28.Kh1 Nd3 29.Rab1 Rf7
30.h3 Ne5 31.Qb3 c4 32.Qa4 Nc6 33.Rbd1 Qc5 34.Rde1 Rf8 35.Qa1
Ne5 36.Qc3 Qd5 37.Rf4 Rf7 38.Ref1 Qd3 39.Qxd3 cxd3 40.Rd4 Rd7
41.Re1 Nc6 42.Rxd3 Nxa5 43.Re7 Rxe7 44.fxe7 Kf7 45.Rxd6 Kxe7
46.Rb6 Kd7 47.Kg1 Kc7 48.Rf6 Nc6 49.Kf2 Ne7 50.Rf7 Kd6 51.Rxh7
a5 52.Ke2 b5 53.Kd3 a4 54.h4 Nd5 55.Kd4 Nf4 56.g4 Ne6+ 57.Kc3
Ke5 58.Rf7 Nd8 59.Rf1 Nc6 60.h5 gxh5 61.gxh5 Ne7 62.h6 Nd5+ 63.Kb2
Nf6 64.Rg1 1-0